| 000 | 00343nam a22001337a 4500 | ||
|---|---|---|---|
| 008 | 260505b |||||||| |||| 00| 0 eng d | ||
| 020 | _a9788120806603 | ||
| 082 | _a001715 | ||
| 100 | _aTarlekar,G H | ||
| 245 | _aStudies in The Natyasastra | ||
| 260 |
_aNew Delhi _bMotilal Banarsidass Publishing House. _c1999 |
||
| 300 | _a354p | ||
| 942 | _2ddc | ||
| 999 |
_c1416 _d1416 |
||